NDU-K Library Catalogue

Girl in a jacket 

Conflicts over land & water in Africa / (Record no. 19334)

MARC details
000 -LEADER
fixed length control field 02812cam a2200445 a 4500
001 - CONTROL NUMBER
control field 16478035
003 - CONTROL NUMBER IDENTIFIER
control field OSt
005 - DATE AND TIME OF LATEST TRANSACTION
control field 20260416075224.0
008 - FIXED-LENGTH DATA ELEMENTS--GENERAL INFORMATION
fixed length control field 100927s2007 enkab 001 0 eng
010 ## - LIBRARY OF CONGRESS CONTROL NUMBER
LC control number 2010503719
015 ## - NATIONAL BIBLIOGRAPHY NUMBER
National bibliography number GBA707248
Source bnb
016 7# - NATIONAL BIBLIOGRAPHIC AGENCY CONTROL NUMBER
Record control number 013651373
Source Uk
020 ## - INTERNATIONAL STANDARD BOOK NUMBER
International Standard Book Number 9780852558881 (pbk.)
020 ## - INTERNATIONAL STANDARD BOOK NUMBER
International Standard Book Number 0852558880 (pbk.)
020 ## - INTERNATIONAL STANDARD BOOK NUMBER
International Standard Book Number 9781869141295 (University of KwaZuluNatal Press : pbk.)
020 ## - INTERNATIONAL STANDARD BOOK NUMBER
International Standard Book Number 1869141296 (University of KwaZuluNatal Press : pbk.)
020 ## - INTERNATIONAL STANDARD BOOK NUMBER
International Standard Book Number 9780870138164 (Michigan State University Press : pbk.)
020 ## - INTERNATIONAL STANDARD BOOK NUMBER
International Standard Book Number 0870138162 (Michigan State University Press : pbk.)
035 ## - SYSTEM CONTROL NUMBER
System control number (OCoLC)ocm80332878
040 ## - CATALOGING SOURCE
Original cataloging agency UKM
Transcribing agency UKM
Modifying agency YDXCP
-- OL$
-- IUL
-- BAKER
-- BTCTA
-- C#P
-- UUS
-- VRC
-- DLC
-- JCSC
042 ## - AUTHENTICATION CODE
Authentication code ukblsr
-- lccopycat
043 ## - GEOGRAPHIC AREA CODE
Geographic area code f------
050 00 - LIBRARY OF CONGRESS CALL NUMBER
Classification number HD966
Item number .C68 2007
082 04 - DEWEY DECIMAL CLASSIFICATION NUMBER
Classification number 333.316
Edition number 22
245 00 - TITLE STATEMENT
Title Conflicts over land & water in Africa /
Statement of responsibility, etc. edited by Bill Derman, Rie Odgaard & Espen Sjaastad.
260 ## - PUBLICATION, DISTRIBUTION, ETC.
Place of publication, distribution, etc. Oxford :
Name of publisher, distributor, etc. James Currey,
Date of publication, distribution, etc. 2007.
300 ## - PHYSICAL DESCRIPTION
Extent xi, 244 p. :
Other physical details ill., maps ;
Dimensions 23 cm.
500 ## - GENERAL NOTE
General note Includes index.
504 ## - BIBLIOGRAPHY, ETC. NOTE
Bibliography, etc. note Includes bibliographical references and index.
505 0# - FORMATTED CONTENTS NOTE
Formatted contents note Introduction / Bill Derman, Rie Odgaard, Espen Sjaastad -- Conflicts & the reinterpretation of customary tenure in Ghana / Kojo Sebastian Amanor -- Land tenure & land conflicts among the Kwanja in Adamawa, Northern Cameroon : "our land is not for sale" / Quentin Gausset -- Adaptability, identity & conflict mediation among the Hawawir in Northern Sudan / Kjersti Larsen -- Negotiating access to land in West Africa : who is losing out? / Camilla Toulmin -- Land tenure reform in a Namaqualand communal area, South Africa : contesting Komaggas / Poul Wisborg -- Land reform & the rekindling of land conflicts in South Africa : rural women's access to land / Nancy Andrew -- Land, identity & violence in Zimbabwe / Bill Derman, Anne Hellum -- The authority & violence of a hunters' association in Western Burkina Faso : "each bird is sitting in its own tree" / Sten Hagberg -- Contested identities & resource conflicts in Morogoro Region, Tanzania : who is indigenous? / Faustin Maganga, Rie Odgaard, Espen Sjaastad -- The use & management of water sources in Kenya's drylands : is there a link between scarcity & violent conflicts? / Karen Witsenburg, Adano Wario Roba.
650 #0 - SUBJECT ADDED ENTRY--TOPICAL TERM
Topical term or geographic name entry element Land reform
Geographic subdivision Africa.
650 #0 - SUBJECT ADDED ENTRY--TOPICAL TERM
Topical term or geographic name entry element Water-supply
General subdivision Political aspects
Geographic subdivision Africa.
700 1# - ADDED ENTRY--PERSONAL NAME
Personal name Derman, William.
700 1# - ADDED ENTRY--PERSONAL NAME
Personal name Odgaard, Rie.
700 1# - ADDED ENTRY--PERSONAL NAME
Personal name Sjaastad, Espen.
776 08 - ADDITIONAL PHYSICAL FORM ENTRY
Relationship information Online version:
Title Conflicts over land & water in Africa.
Place, publisher, and date of publication Oxford : James Currey, 2007
Record control number (OCoLC)607865326
906 ## - LOCAL DATA ELEMENT F, LDF (RLIN)
a 7
b cbc
c copycat
d 3
e ncip
f 20
g y-gencatlg
942 ## - ADDED ENTRY ELEMENTS (KOHA)
Source of classification or shelving scheme Library of Congress Classification
Koha item type Normal Collection
Suppress in OPAC No
Holdings
Withdrawn status Lost status Source of classification or shelving scheme Damaged status Not for loan Home library Current library Date acquired Inventory number Total Checkouts Full call number Barcode Date last seen Copy number Price effective from Koha item type Shelving location
    Library of Congress Classification     International Peace Support Training Centre (IPSTC) International Peace Support Training Centre (IPSTC) 14/11/2022 1203/2011   HD966 .C68 2007 200112032011 14/11/2022 c1 14/11/2022 Normal Collection  
    Library of Congress Classification     International Peace Support Training Centre (IPSTC) International Peace Support Training Centre (IPSTC) 14/11/2022 1488/2012   HD966 .C68 2007 200114882012 14/11/2022 c2 14/11/2022 Normal Collection  
    Library of Congress Classification     International Peace Support Training Centre (IPSTC) International Peace Support Training Centre (IPSTC) 16/04/2026 1977/2016   HD966 .C68 2007 200119772016 16/04/2026 c3 16/04/2026 Normal Collection  
    Library of Congress Classification     Joint Command and Staff College Joint Command and Staff College 26/07/2024     HD966 .C68 2007 jcsc003665 26/07/2024 5142/10 26/07/2024 Normal Collection General Stacks
    Library of Congress Classification     Joint Command and Staff College Joint Command and Staff College 26/07/2024     HD966 .C68 2007 jcsc003666 26/07/2024 5400/12 26/07/2024 Normal Collection General Stacks
    Library of Congress Classification     Joint Command and Staff College Joint Command and Staff College 30/07/2025 5399/12   HD966 .C68 2007 jcsc004775 30/07/2025   30/07/2025 Normal Collection General Stacks
Copyright © 2026 [National Defence University - Kenya]. All rights reserved.